[Event "Quebec-ch U14"]
[Site "Montreal"]
[Date "2018.01.14"]
[Round "5"]
[White "Rodrigue Lemieux, Shawn"]
[Black "Zhong, Wenxuan"]
[Result "1-0"]
[WhiteElo "2305"]
[BlackElo "1839"]
[PlyCount "93"]
[EventDate "2018.01.12"]
[EventType "swiss"]
[EventRounds "5"]
[EventCountry "CAN"]
[SourceTitle "EXT 2022"]
[Source "ChessBase"]
[SourceDate "2021.10.06"]
[SourceVersion "1"]
[SourceVersionDate "2021.10.06"]
[SourceQuality "1"]

1. Nf3 d5 2. g3 Nf6 3. Bg2 Bf5 4. 0-0 e6 5. b3 Bd6 6. Bb2 0-0 7. c4 c6 8. d3 Nbd7 9. Nbd2 e5 10. cxd5 cxd5 11. e4 dxe4 12. dxe4 Bg6 13. Nh4 b5 14. Qe2 Qb6 15. Nxg6 hxg6 16. Rfd1 Nc5 17. Nf3 Rae8 18. Ng5 Ne6 19. Nxe6 Rxe6 20. Rac1 Nh5 21. Bh3 Rf6 22. Rd5 a6 23. Rc2 Re8 24. Bc1 Bb8 25. Be3 Qb7 26. Bc5 Bc7 27. Bd7 Rfe6 28. Bxe8 Rxe8 29. f3 Nf6 30. Rd1 g5 31. h3 Nh5 32. Kg2 Nf6 33. Qe3 Re6 34. Rcd2 Qc6 35. b4 Nh7 36. Qd3 Nf6 37. Qe3 Nh7 38. Rd3 g6 39. Qd2 f5 40. Re1 fxe4 41. fxe4 Nf6 42. Rde3 a5 43. a3 g4 44. hxg4 Nxg4 45. Rf3 Nf6 46. Qh6 Qe8 47. Rh1 1-0

[Event "Quebec-ch U14"]
[Site "Montreal"]
[Date "2017.03.05"]
[Round "4"]
[White "Zhong, Wenxuan"]
[Black "Durette, Francis"]
[Result "0-1"]
[WhiteElo "1821"]
[BlackElo "2156"]
[PlyCount "108"]
[EventDate "2017.03.04"]
[EventType "swiss"]
[EventRounds "5"]
[EventCountry "CAN"]
[SourceTitle "EXT 2022"]
[Source "ChessBase"]
[SourceDate "2021.10.06"]
[SourceVersion "1"]
[SourceVersionDate "2021.10.06"]
[SourceQuality "1"]

1. e4 e5 2. Nf3 Nc6 3. Bc4 Bc5 4. c3 Nf6 5. d3 0-0 6. 0-0 d6 7. Nbd2 h6 8. Bb3 Re8 9. h3 a6 10. Re1 Be6 11. Nf1 Ba7 12. Ng3 d5 13. Qc2 Rc8 14. Be3 d4 15. cxd4 Nxd4 16. Bxd4 Bxd4 17. Nxd4 Qxd4 18. Bxe6 Rxe6 19. Nf5 Qd7 20. b4 Rb6 21. a4 Rd8 22. Qc5 Re8 23. Red1 g6 24. Nxh6+ Kg7 25. Ng4 Nxg4 26. hxg4 Rc6 27. Qe3 Qxg4 28. Rac1 Rh8 29. f3 Qh4 30. Rxc6 Qh1+ 31. Kf2 Qxd1 32. Rc1 Qxa4 33. Qc5 Re8 34. d4 b6 35. Qc3 Qb5 36. d5 Re7 37. Qc4 Qa4 38. Rc2 Qa1 39. Ra2 Qd1 40. Rxa6 Qd2+ 41. Kf1 Re8 42. Ra2 Qd1+ 43. Kf2 Rh8 44. Qc3 Rh1 45. Qxe5+ Kh7 46. Qc3 Qg1+ 47. Kg3 g5 48. Qd2 Kg6 49. f4 Qh2+ 50. Kf2 gxf4 51. Ra3 Rg1 52. Kf3 Rf1+ 53. Ke2 Qxg2+ 54. Kd3 Rf3+ 0-1

[Event "Windsor NAYCC U12"]
[Site "Windsor"]
[Date "2016.08.10"]
[Round "7.96"]
[White "Huang, Qiuyu"]
[Black "Zhong, Wenxuan"]
[Result "1/2-1/2"]
[WhiteElo "1972"]
[BlackElo "1758"]
[PlyCount "79"]
[EventDate "2016.08.07"]
[EventType "swiss"]
[EventRounds "9"]
[EventCountry "CAN"]
[SourceTitle "EXT 2022"]
[Source "ChessBase"]
[SourceDate "2021.10.06"]
[SourceVersion "1"]
[SourceVersionDate "2021.10.06"]
[SourceQuality "1"]

1. e4 d6 2. d4 Nf6 3. Nc3 g6 4. Bd3 Bg7 5. Nge2 Nc6 6. 0-0 0-0 7. h3 e5 8. d5 Ne7 9. f4 exf4 10. Bxf4 h6 11. Qd2 g5 12. Bh2 Ng6 13. Ng3 Re8 14. Rae1 Bd7 15. Nf5 Bxf5 16. exf5 Ne5 17. Bxe5 dxe5 18. Be4 c6 19. Bf3 Qb6+ 20. Qe3 cxd5 21. Bxd5 Qc7 22. Bb3 a6 23. Rd1 Rad8 24. Ne4 b5 25. Qc5 Qxc5+ 26. Nxc5 a5 27. a3 a4 28. Ba2 Rc8 29. Nd7 Rxc2 30. Rf2 Rxf2 31. Kxf2 e4 32. Ke3 Re7 33. Nc5 g4 34. Bb1 h5 35. Rd8+ Kh7 36. Nxe4 Bh6+ 37. Kd4 Nxe4 38. Bxe4 f6 39. Rb8 Re5 40. Rb7+ 1/2-1/2

[Event "Windsor NAYCC U12"]
[Site "Windsor"]
[Date "2016.08.09"]
[Round "4.85"]
[White "Zhong, Wenxuan"]
[Black "Hung, Daniel1111"]
[Result "0-1"]
[WhiteElo "1758"]
[BlackElo "1812"]
[PlyCount "74"]
[EventDate "2016.08.07"]
[EventType "swiss"]
[EventRounds "9"]
[EventCountry "CAN"]
[SourceTitle "EXT 2022"]
[Source "ChessBase"]
[SourceDate "2021.10.06"]
[SourceVersion "1"]
[SourceVersionDate "2021.10.06"]
[SourceQuality "1"]

1. e4 e6 2. Nf3 d5 3. e5 c5 4. b4 c4 5. c3 a5 6. bxa5 Qxa5 7. d4 cxd3 8. Bxd3 Bd7 9. Qe2 Nc6 10. 0-0 Qc7 11. Re1 Bc5 12. Be3 b6 13. Bxc5 bxc5 14. a4 c4 15. Bc2 Nge7 16. Na3 Na7 17. Nd4 Qa5 18. Qg4 Qxc3 19. Rec1 h5 20. Qd1 Nec6 21. Nab5 Nxb5 22. axb5 Rxa1 23. Rxa1 Nxd4 24. Ra8+ Ke7 25. Rxh8 Nxc2 26. b6 Bc6 27. Rc8 Nd4 28. b7 Bxb7 29. Rc7+ Kf8 30. Rxb7 Nc6 31. g3 g6 32. f4 Qe3+ 33. Kf1 Nd4 34. Kg2 c3 35. Rc7 Qd2+ 36. Qxd2 cxd2 37. Rc8+ Kg7 0-1

[Event "Quebec op U2000"]
[Site "Montreal"]
[Date "2016.07.26"]
[Round "5.3"]
[White "Zhong, Wenxuan"]
[Black "Perna Fraser, David"]
[Result "1/2-1/2"]
[WhiteElo "1821"]
[BlackElo "1919"]
[PlyCount "73"]
[EventDate "2016.07.23"]
[EventType "swiss"]
[EventRounds "8"]
[EventCountry "CAN"]
[SourceTitle "EXT 2022"]
[Source "ChessBase"]
[SourceDate "2021.10.06"]
[SourceVersion "1"]
[SourceVersionDate "2021.10.06"]
[SourceQuality "1"]

1. e4 e5 2. Nf3 Nf6 3. Nxe5 d6 4. Nf3 Nxe4 5. d4 d5 6. Bd3 Bd6 7. 0-0 0-0 8. c4 c6 9. Nc3 Nxc3 10. bxc3 dxc4 11. Bxc4 Bg4 12. h3 Bh5 13. Be3 Qa5 14. Bd2 Nd7 15. Bd3 Nf6 16. c4 Qc7 17. Bg5 Bf4 18. Bxf4 Qxf4 19. Qd2 Qxd2 20. Nxd2 Rad8 21. Nb3 Bg6 22. Bxg6 hxg6 23. Rfe1 Rfe8 24. f3 Nh5 25. Rxe8+ Rxe8 26. d5 cxd5 27. cxd5 Rd8 28. Rd1 Rd6 29. Nc5 Nf4 30. Nxb7 Rxd5 31. Rxd5 Nxd5 32. Na5 Nc3 33. Nc6 a6 34. a3 Nb1 35. Nb8 a5 36. a4 Nc3 37. Nc6 1/2-1/2

[Event "Francophone-ch 3rd"]
[Site "Montreal"]
[Date "2015.07.21"]
[Round "5"]
[White "Bongo, Barthelemy"]
[Black "Zhong, Wenxuan"]
[Result "0-1"]
[WhiteElo "1924"]
[BlackElo "1604"]
[PlyCount "94"]
[EventDate "2015.07.17"]
[EventType "swiss"]
[EventRounds "9"]
[EventCountry "CAN"]
[SourceTitle "EXT 2016"]
[Source "ChessBase"]
[SourceDate "2015.10.08"]
[SourceVersion "1"]
[SourceVersionDate "2015.10.08"]
[SourceQuality "1"]

1. d4 d5 2. c4 e6 3. Nc3 Nf6 4. cxd5 exd5 5. Bg5 Nbd7 6. Nf3 Bb4 7. e3 c5 8. Be2 Qa5 9. 0-0 Bxc3 10. bxc3 c4 11. Qc2 0-0 12. Nd2 Re8 13. Bf4 Nb6 14. a4 g6 15. Rfc1 Bf5 16. Qa2 Bd7 17. Bd1 Re6 18. Qc2 Rae8 19. Rcb1 Ne4 20. Nxe4 Rxe4 21. Bc7 Rxd4 22. Rb4 Rde4 23. Rab1 Bf5 24. Qd2 R4e7 25. Bxb6 axb6 26. Rb5 Qa7 27. R1b4 Be4 28. Rxb6 Rc7 29. Qd4 Qa8 30. h4 Qd8 31. Qf6 Qxf6 32. Rxf6 Re6 33. Rxe6 fxe6 34. Rb6 Kf7 35. f3 Bd3 36. Kf2 Ke7 37. Kg3 e5 38. f4 d4 39. cxd4 exd4 40. exd4 c3 41. d5 Kd8 42. d6 Rd7 43. a5 Ke8 44. Ba4 c2 45. Bxd7+ Kxd7 46. Rxb7+ Kxd6 47. Rb8 Bf5 0-1

[Event "Quebec-ch U10"]
[Site "Montreal"]
[Date "2014.01.19"]
[Round "5"]
[White "Demers, Alexis"]
[Black "Zhong, Wenxuan"]
[Result "0-1"]
[WhiteElo "1177"]
[BlackElo "1290"]
[PlyCount "46"]
[EventDate "2014.01.18"]
[EventType "swiss"]
[EventRounds "5"]
[EventCountry "CAN"]
[SourceTitle "EXT 2022"]
[Source "ChessBase"]
[SourceDate "2021.10.06"]
[SourceVersion "1"]
[SourceVersionDate "2021.10.06"]
[SourceQuality "1"]

1. d4 d5 2. c4 e6 3. Nc3 Nf6 4. Bf4 c6 5. e3 Nbd7 6. a3 Be7 7. Be2 0-0 8. Bg5 c5 9. Nf3 Qb6 10. Rb1 cxd4 11. Nxd4 Qa5 12. Nb3 Qb6 13. cxd5 exd5 14. Nxd5 Nxd5 15. Bxe7 Nxe7 16. 0-0 Nf6 17. Bd3 Bd7 18. Nd2 Rfd8 19. Nc4 Qc7 20. Rc1 Nc6 21. b4 a6 22. Qb3 Be6 23. Rfd1 b5 0-1